Sports Quiz

Random Sports Quiz

Red Sox Stat Leaders Quiz Stats

Quiz not verified by Sporcle

Challenge
Share
Tweet
Embed
Score 0/25 Timer 09:00
0 Plays Today
Statistic Player % Correct
AverageTed Williams
95.7%
Home RunsTed Williams
95.7%
On Base PercentageTed Williams
95.7%
Slugging PercentageTed Williams
95.7%
OPSTed Williams
95.7%
WalksTed Williams
95.7%
RBI'sCarl Yastrzemski
93.5%
RunsCarl Yastrzemski
93.5%
HitsCarl Yastrzemski
93.5%
DoublesCarl Yastrzemski
93.5%
Caught StealingCarl Yastrzemski
93.5%
Games PlayedCarl Yastrzemski
93.5%
At BatsCarl Yastrzemski
93.5%
Statistic Player % Correct
WinsRoger Clemens and Cy Young
93.5%
Strikeouts (Pitching)Roger Clemens
89.1%
StrikeoutsDwight Evans
82.6%
LossesTim Wakefield
82.6%
Games StartedTim Wakefield
82.6%
Innings PitchedTim Wakefield
82.6%
Walks (Pitching)Tim Wakefield
82.6%
Games SavedJonathan Papelbon
65.2%
Games PitchedBob Stanley
43.5%
Earned Run AverageSmokey Joe Wood
39.1%
Stolen BasesHarry Hooper
28.3%
TriplesHarry Hooper
28.3%

You're not logged in!

Compare scores with friends on all Sporcle quizzes.
Join for Free
OR
Log In

You Might Also Like...

Show Comments

Extras

Created May 15, 2016ReportNominate
Tags:leader, major, player, red, stat, statistic

Top Quizzes Today


Score Distribution

Your Account Isn't Verified!

In order to create a playlist on Sporcle, you need to verify the email address you used during registration. Go to your Sporcle Settings to finish the process.

Report this User

Report this user for behavior that violates our Community Guidelines.

Details: